000 00959nam0a22002411i 4500
001 rc\886223
005 20240723125008.0
035 _a(NLR Aleph) 006063245
090 _a4931306
_c4931306
100 _a20041129d1983 u |0rusy50 ca
101 0 _arus
102 _aRU
105 _ay |||||||||
200 1 _aФуросемидпротеинурическая проба в диагностике некоторых заболеваний почек
_e(Клинико-лаб. исслед.)
_eАвтореф. дис. на соиск. учен. степ. канд. мед. наук
_e(14.00.05; 14.00.40)
210 _aМ.
_d1983
215 _a22 с.
300 _aВ надзаг.: I Моск. мед. ин-т им. И.М. Сеченова
320 _aБиблиогр. в конце текста (5 назв.)
700 1 _aГирасси
_bС.
_gСеку
801 0 _aRU
_bNLR
_gpsbo
801 1 _aRU
_bELAR
_2rusmarc
852 _aNLR
_j84-6/4396
942 _cBOOK